Classement UFC Light Heavyweight Homme - Statistiques

Statistiques générales
  • Ce quiz a été pris 213 fois
    70 depuis la dernière actualisation
  • Le résultat moyen est 10 sur 16
Statistiques - réponses
Classement Nationalité Combattants % Correct
CHAMPION 🇧🇷 Alex Pereira
100%
# 1 (ex æquo) 🇷🇺 Magomed Ankalaev
100%
# 1 (ex æquo) 🇨🇿 Jiří Procházka
91%
# 6 🇺🇲 Jamahal Hill
88%
# 4 🇺🇲 Khalil Rountree Jr.
86%
# 3 🇳🇿 Carlos Ulberg
67%
# 5 🇵🇱 Jan Błachowicz
55%
# 12 🇧🇷 Johnny Walker
53%
# 10 🇦🇹 Aleksandar Rakić
52%
# 9 🇨🇭 Volkan Oezdemir
50%
# 8 🇺🇲 Dominick Reyes
45%
# 13 🇺🇦 Nikita Krylov
45%
# 15 🇺🇲 Alonzo Menifield
40%
# 11 🇺🇿 Bogdan Guskov
36%
# 7 🇷🇺 Azamat Murzakanov
29%
# 14 🇨🇳 Zhang Mingyang
28%
Aucun quiz correspondant
Distribution des résultats
% des personnes avec chaque résultat
Percentile par nombre de réponses
Votre historique - résultats
Vous n’avez pas pris ce quiz depuis la dernière actualisation